Statistics for MLB Baseball Team Wins Leaders

Click here to take the quiz!

General Stats

  • This quiz has been taken 6,687 times
    (3,339 since last reset)
  • The average score is 10 of 31

Answer Stats

WinsTeamPlayer% Correct
118DiamondbacksRandy Johnson
86%
417Twins/SenatorsWalter Johnson
85%
192 (t)Red SoxCy Young
72%
192 (t)Red SoxRoger Clemens
62%
198MetsTom Seaver
58%
251CardinalsBob Gibson
54%
268OriolesJim Palmer
51%
236YankeesWhitey Ford
49%
241PhilliesSteve Carlton
48%
169MarinersFelix Hernandez
46%
372GiantsChristy Mathewson
46%
356BravesWarren Spahn
45%
266IndiansBob Feller
45%
233DodgersDon Sutton
29%
175Blue JaysDave Stieb
28%
144AstrosJoe Niekro
27%
87RaysJames Shields
16%
158Nationals/ExposSteve Rogers
16%
284AthleticsEddie Plank
14%
165AngelsChuck Finley
11%
86RockiesJorge De La Rosa
10%
139RangersCharlie Hough
10%
179RedsEppa Rixey
10%
260White SoxTed Lyons
10%
166RoyalsPaul Splittorff
10%
201CubsCharlie Root
8%
100PadresEric Show
8%
223TigersHooks Dauss
8%
202PiratesWilbur Cooper
7%
117BrewersJim Slaton
7%
81MarlinsRicky Nolasco
7%

Score Distribution

Percentile by Number Answered

Percent of People with Each Score

Your Score History

You have not taken this quiz since the last reset